Govt. of
Madhya Pradesh

The King of Knowledge (Record no. 64571)

MARC details
000 -LEADER
fixed length control field 00280nam a2200109Ia 4500
008 - FIXED-LENGTH DATA ELEMENTS--GENERAL INFORMATION
fixed length control field 221009s9999 xx 000 0 und d
082 ## - DEWEY DECIMAL CLASSIFICATION NUMBER
Classification number 294.592/PRA
100 ## - MAIN ENTRY--PERSONAL NAME
Personal name Bhaktivedanta, A C
9 (RLIN) 24171
245 #4 - TITLE STATEMENT
Title The King of Knowledge
260 ## - PUBLICATION, DISTRIBUTION, ETC. (IMPRINT)
Name of publisher, distributor, etc. The Bhaktivedanta Book Trust
942 ## - ADDED ENTRY ELEMENTS (KOHA)
Koha item type Books

No items available.